Applied statistics : a first course in inference

Saved in:
Bibliographic Details
Main Author: Graybill, Franklin A.
Other Authors: Iyer, Hariharan K., Burdick, Richard K.
Format: Book
Language:English
Published: Upper Saddle River, N.J. : Prentice Hall, c1998
Subjects:
Tags: Add Tag
No Tags, Be the first to tag this record!

MARC

LEADER 00000nam a2200000 i 4500
001 1/14781
008 001214s1998 eng d
020 |a 013-621-467-3 
035 |l 10065134 
040 |a GR-MY-UA  |b gre  |e aacr 
041 0 |a eng 
082 0 |a 519.5 
100 1 |a Graybill, Franklin A. 
245 1 0 |a Applied statistics :  |b a first course in inference /  |c Franklin A. Graybill, Hariharan K. Iyer, Richard K. Burdick 
260 |a Upper Saddle River, N.J. :   |b Prentice Hall,   |c c1998 
300 |a xvii, 461 p.;  |b ill.;  |c 26 cm.+  |e 1 computer disk (3 1/2 in.) 
504 |a Includes index 
650 0 0 |a Statistics. 
700 1 |a Iyer, Hariharan K. 
700 1 |a Burdick, Richard K. 
852 |a INST  |b SAMOS  |e 20001214  |h 519.5 GRA  |p 005300018213  |q 005300018213  |t BK  |y 0 
852 |a INST  |b SAMOS  |e 20010123  |h 519.5 GRA   |p 005300022300  |q 005300022300  |t BK  |y 0 
901 |a BIBL3-2001-1 
909 |a Σ  |b 082904 
909 |a Σ  |b 081637 
922 |a 3ΕΛΗ  |b 200011  |c ΤΣΑΕ/ΚΒ  |d ΜΙΧΑΛΟΠΟΥΛΟΣ 
950 |a 184-2000-09-12 
970 |a ΠΟΥΡΝΑΡΑΣ  |b ΔΗΜΗΤΡΗΣ  |z 2001/01/23